00406cam a22001337a 4500008004000000082001900040100001600059245008700075260002700162300000700189500002400196650003200220700002000252180718b1980 xxu||||| |||| 00| 0 eng d aA6x5406 W659/4 aWilks, Mark aHistorical sketches of the South Indian history.cby Mark Wilks and Murray Hammick aNew DelhibCosmoc1980 av4 av4. xxiii, 336-817p aKarnataka (India) -History. aHammick, Murray